Zikr-E-yaar (Record no. 9174)

MARC details
000 -LEADER
fixed length control field 00544nam a2200229 a 4500
020 ## - INTERNATIONAL STANDARD BOOK NUMBER
ISBN
082 00 - DEWEY DECIMAL CLASSIFICATION NUMBER
Classification number 891.4396
Author Cutter KHA
100 ## - MAIN ENTRY--AUTHOR NAME
Author name Khan, Ghulam Mohd Omer
245 ## - TITLE STATEMENT
Title Zikr-E-yaar
260 ## - PUBLICATION, DISTRIBUTION, ETC. (IMPRINT)
Place of publication Hyderabad
Name of publisher Adabi Trust
Year of publication 1971
300 ## - PHYSICAL DESCRIPTION
Number of Pages 384p
500 ## - GENERAL NOTE
General note includes index and biblioraphy
650 ## - SUBJECT ADDED ENTRY--TOPICAL TERM
Topical Term Urdu-Letters
942 ## - ADDED ENTRY ELEMENTS (KOHA)
Koha item type Books
700 1# -
-- Khan, Ghulam Mohd Omer
Holdings
Collection code Home library Current library Date acquired Cost, normal purchase price Full call number Accession Number Koha item type
  Henry Martyn Institute Library Henry Martyn Institute Library 02/11/2008 15.00 891.4396 KHA 011745 Books
                   Copyright © 2026 | Henry Martyn Institute | Hyderabad | TS-500052 | INDIA | Implemented by hmi.edu.in
Hit-Count:

Powered by Koha